| 000 | 00433nam a22001817a 4500 | ||
|---|---|---|---|
| 005 | 20230403151416.0 | ||
| 008 | 230401b |||||||| |||| 00| 0 eng d | ||
| 020 | _a978-935152-982-8 | ||
| 041 | _aeng | ||
| 082 | _a615.19 GUP-D | ||
| 100 |
_aGUPTA ,S.K _97698 |
||
| 245 | _aDRUG SCREENING METHOD | ||
| 250 | _a3rd ed. | ||
| 260 |
_bJAYPEE _c2022 |
||
| 300 | _a722;P. | ||
| 650 |
_aPHARMACY _xB. PHARMA _97699 |
||
| 942 | _cBK | ||
| 999 |
_c8266 _d8264 |
||